<?xml version="1.0" encoding="UTF-8"?>
<record
    xmlns:xsi="http://www.w3.org/2001/XMLSchema-instance"
    xsi:schemaLocation="http://www.loc.gov/MARC21/slim http://www.loc.gov/standards/marcxml/schema/MARC21slim.xsd"
    xmlns="http://www.loc.gov/MARC21/slim">

  <leader>00799nam a22001937a 4500</leader>
  <datafield tag="999" ind1=" " ind2=" ">
    <subfield code="c">166490</subfield>
    <subfield code="d">166490</subfield>
  </datafield>
  <controlfield tag="005">20190725123815.0</controlfield>
  <datafield tag="010" ind1=" " ind2=" ">
    <subfield code="a">UR-10285</subfield>
  </datafield>
  <datafield tag="020" ind1=" " ind2=" ">
    <subfield code="c">250.00</subfield>
    <subfield code="a">9789388356930</subfield>
  </datafield>
  <datafield tag="035" ind1=" " ind2=" ">
    <subfield code="a">U-8840</subfield>
  </datafield>
  <datafield tag="037" ind1=" " ind2=" ">
    <subfield code="b">DBAD/PUB</subfield>
  </datafield>
  <datafield tag="082" ind1=" " ind2=" ">
    <subfield code="a">840.08</subfield>
  </datafield>
  <datafield tag="100" ind1=" " ind2=" ">
    <subfield code="a">&#x645;&#x631; &#x62A;&#x628;&#x64A;&#x646; &#x641;&#x631; &#x642;&#x627; &#x646; &#x627; &#x62D;&#x645;&#x62F; &#x633;&#x631; &#x62F; &#x6BE;&#x646;&#x648; &#x6CC; </subfield>
  </datafield>
  <datafield tag="245" ind1=" " ind2=" ">
    <subfield code="a">&#x627; &#x646;&#x64A;&#x633; &#x627; &#x646;&#x635;&#x627; &#x631; &#x6CC; &#x6A9;&#x6CC; &#x634;&#x62E;&#x635;&#x64A;&#x62A; &#x627; &#x648; &#x631; &#x641;&#x646;&#x6CC; &#x632; &#x627; &#x648; &#x64A;&#x6D2; </subfield>
    <subfield code="c">&#x645;&#x631; &#x62A;&#x628;&#x64A;&#x646; &#x641;&#x631; &#x642;&#x627; &#x646; &#x627; &#x62D;&#x645;&#x62F; &#x633;&#x631; &#x62F; &#x6BE;&#x646;&#x648; &#x6CC; </subfield>
  </datafield>
  <datafield tag="246" ind1=" " ind2=" ">
    <subfield code="b">Anis Ansari ki Shakhsiyat Aur Funni Zaviye  (Urdu)</subfield>
    <subfield code="a">Comp. by Furqan Ahmed Sardhanvi</subfield>
  </datafield>
  <datafield tag="260" ind1=" " ind2=" ">
    <subfield code="a"> Delhi</subfield>
    <subfield code="b">Educational Publishing House</subfield>
    <subfield code="c">2018 &#x621;  </subfield>
  </datafield>
  <datafield tag="270" ind1=" " ind2=" ">
    <subfield code="a">3191&#x60C;Vakil Street,Kucha Pandit,Lal Kuan,</subfield>
    <subfield code="b">Delhi</subfield>
    <subfield code="e">110006</subfield>
    <subfield code="k">23216162</subfield>
    <subfield code="l">00911123211540</subfield>
  </datafield>
  <datafield tag="300" ind1=" " ind2=" ">
    <subfield code="a">244 &#x635;</subfield>
    <subfield code="c">22 Cm(Hb)</subfield>
  </datafield>
  <datafield tag="942" ind1=" " ind2=" ">
    <subfield code="2">ddc</subfield>
    <subfield code="c">UR</subfield>
    <subfield code="h">840.08</subfield>
    <subfield code="m">&#x627; &#x646; &#x6CC; </subfield>
  </datafield>
  <datafield tag="952" ind1=" " ind2=" ">
    <subfield code="0">0</subfield>
    <subfield code="1">0</subfield>
    <subfield code="4">0</subfield>
    <subfield code="7">0</subfield>
    <subfield code="8">NFIC</subfield>
    <subfield code="a">L</subfield>
    <subfield code="b">L</subfield>
    <subfield code="d">2019-07-25</subfield>
    <subfield code="e">DBAD/PUB</subfield>
    <subfield code="g">25000.00</subfield>
    <subfield code="l">0</subfield>
    <subfield code="o">840.08 &#x627; &#x646; &#x6CC;</subfield>
    <subfield code="p">U-8840</subfield>
    <subfield code="r">2019-07-25 00:00:00</subfield>
    <subfield code="t">1</subfield>
    <subfield code="v">250.00</subfield>
    <subfield code="w">2019-07-25</subfield>
    <subfield code="y">UR</subfield>
  </datafield>
</record>
